Responses for Show #2101 - Monday, October 25, 1993

Rachael Schwartz game 2.

Contestants

[<< previous game]

Debra Cope, a financial reporter from Brooklyn, New York

Harris Levine, a dentist from Fort Lee, New Jersey

Rachael Schwartz, an attorney from Bedminster, New Jersey (whose 1-day cash winnings total $6,500)

[next game >>]

Jeopardy! Round responses

BIOLOGY
THE SUPREMES
QUOTATIONS
U.S. GEOGRAPHY
PHOTOGRAPHY
SAY CHEESE!
    $100 6
the Sun

Harris
    $100 11
The Ed Sullivan Show

Debra
    $100 16
fiction

Rachael
    $100 13
Arizona

Rachael
    $100 1
a tripod

Debra
    $100 17
Swiss cheese

Rachael
    $200 7
the rods

Harris
    $200 12
Detroit

Rachael
    $200 27
a zoo

Rachael
    $200 14
(Debra: What is Alaska?)

Washington

Debra
Triple Stumper
    $200 2
focal length

Harris
    $200 18
pepper

Harris
    $700 8
a hair

Harris
    $300 24
Berry Gordy

Rachael
    $300 28
the victor

Harris
    $300 15
the Great Salt Lake

Debra
    $300 3
Mathew Brady

Rachael
    $300 19
Edam

Rachael
    $400 9
the (bone) marrow

Harris
    $400 25
Love

Rachael
    $400 29
silence

Triple Stumper
    $400 22
the Ohio

Rachael
    $400 4
matte

Rachael
    $400 20
feta cheese

Harris
    $500 10
(Debra: What is bile?)

carotene

Debra
Triple Stumper
    $500 26
(Harris: Who is Diana Ross?)
(Debra: Who is Mary Wells?)
...
(Alex: You were sort of on the right track there, Debra. Mary Wells was a big singing star in her own right, but [*] was a member of the Supremes.)

Mary Wilson

HarrisDebra
Triple Stumper
    $500 30
history

Debra
    $500 23
Nantucket

Harris
    $500 5
(Debra: Who is Land?)

(George) Eastman

HarrisDebra
    $500 21
cherry

Rachael

Scores at the first commercial break (after clue 15):

Rachael Harris Debra
$1,000 $2,100 -$700

Scores at the end of the Jeopardy! Round:

Rachael Harris Debra
$3,300 $3,000 -$700

Double Jeopardy! Round responses

1867
EDUCATION
MEXICO
LESSER-KNOWN NAMES
ROMAN ARCHITECTURE
AUTHORS
    $200 11


Harris
    $200 6
Oklahoma

Rachael
    $200 16
corn

Harris
    $200 25
blind people

Rachael
    $200 21
the circus

Rachael
    $200 1
(Frank) Baum

Debra
    $400 12
a typewriter

Harris
    $400 7
William McGuffey

Triple Stumper
    $400 17
(Hernando) Cortes

Rachael
    $400 26
(Debra: What is New Zealand?)

Australia

Debra
Triple Stumper
    $400 22
a forum

Rachael
    $400 2
John Brown

Rachael
    $600 13
the Grange

Triple Stumper
    $600 8
vocational

Debra
    $1,000 18
centavos

Rachael
    $600 27
Jackson Hole

Rachael
    $600 23
(Debra: Who is Maximus?)

Trajan

Debra
Triple Stumper
    $600 3
Solzhenitsyn

Rachael
    $800 14
Franz Josef

Triple Stumper
    $800 9
Vassar

Debra
    $800 19
(Rachael: What is Chichén Itzá?)

Cuernavaca

Rachael
Triple Stumper
    $800 28
[The end-of-round signal sounds.]

hypnosis

Harris
    $800 24
(Alex: We have less than a minute to go.)

Roman baths

Triple Stumper
    $800 4
(Émile) Zola

Harris
    $1000 15
The Meiji Restoration

Rachael
    $1000 10
Horace Mann

Triple Stumper
    $1000 20
Porfirio Diaz

Triple Stumper
    $1000 5
(Debra: Who is Sinclair Lewis?)

Upton Sinclair

RachaelDebra

Scores at the end of the Double Jeopardy! Round:

Rachael Harris Debra
$8,500 $5,400 -$1,100

[wagering suggestions for these scores]

Final Jeopardy! Round responses

FAMOUS PAIRS
HarrisWho were Hamilton + Burr
$5,399
RachaelWho were Hamilton + Burr?
$2,301
Wells & Fargo

Final scores:

Rachael Harris Debra
$6,199 $1 -$1,100
2-day champion: $12,699 2nd place: AST notebook computer + Helbros his & hers watches 3rd place: Samsung VCR + Wheel of Fortune & Jeopardy! games for Super Nintendo & Sega Genesis

Game dynamics:

Coryat scores:

Rachael Harris Debra
$8,100 $5,000 -$1,100
23 R
(including 1 DD),
1 W
15 R
(including 1 DD),
1 W
7 R,
7 W

Combined Coryat: $12,000

[game clues] [game scores] [suggest correction]

Game tape date: 1993-08-24
The J! Archive is created by fans, for fans. Scraping, republication, monetization, and malicious use prohibited; this site may use cookies and collect identifying information. See terms. The Jeopardy! game show and all elements thereof, including but not limited to copyright and trademark thereto, are the property of Jeopardy Productions, Inc. and are protected under law. This website is not affiliated with, sponsored by, or operated by Jeopardy Productions, Inc. Join the discussion at JBoard.tv.